Persona y mundo

שמור ב:
מידע ביבליוגרפי
מחבר ראשי: Hallet Collard, Carlos (autor)
פורמט: ספר
שפה:ספרדית
יצא לאור: Antofagasta Universidad Católica del Norte 2001
מהדורה:1a. ed
נושאים:
תגים: הוספת תג
אין תגיות, היה/י הראשונ/ה לתייג את הרשומה!

MARC

LEADER 00000nam a2200000 a 4500
001 UCH2822
003 CL-VaPUC
008 090702e20010000CL |||||||||||||||||spa|d
082 0 4 |a 248.2  |b HAL  |2 21 
100 |a Hallet Collard, Carlos  |e autor  |9 814651 
245 1 0 |a Persona y mundo 
250 |a 1a. ed 
300 |a 63 p 
942 |c BK 
945 |d 20090702 00:00:00  |a rbrito 
260 |a Antofagasta  |b Universidad Católica del Norte  |c 2001 
650 0 |a Vida religiosa  |9 257284 
650 0 |a Cristianismo  |9 257361 
650 0 |a Ética religiosa   |9 311520 
650 0 |a Espiritualidad   |9 267331 
583 |a last modification  |c 20090702 00:00:00  |k Rodrigo Vera 
999 |c 334512  |d 334510 
952 |0 0  |1 0  |4 0  |6 248_200000000000000_HAL_2001  |7 0  |8 A  |9 423592  |a BIBTEO  |b BIBTEO  |d 2019-11-22  |i 4569970  |o 248.2 HAL 2001  |p 4569970  |r 2025-01-17  |w 2019-11-22  |y BK  |k ICR